00286nam a2200121Ia 4500008004100000082001000041100001700051245002100068260002500089300000800114630002100122730002100143100204s9999 xx 000 0 und d b22040 aHASLET A. W. aSCIENCE NEWS- 29 bPPENGUIN BOOKSc1953 a128 aSCIENCE NEWS- 29 aSCIENCE NEWS- 29